00322nam a2200133Ia 4500003000900000008004100009040001300050040001300063245006600076245001100142260002100153300000800174490000600182IT-RoPAU120407s9999 xx 000 0 und d aIT-RoPAU cIT-RoPAU aAgli inizi della fede. Pastorale catecumenale oggi, in Europa cAA.VV. aEdizioni Paoline c cm v1